Working with Young Children. (Record no. 1075)

MARC details
000 -LEADER
fixed length control field 00371nam a22001217a 4500
005 - DATE AND TIME OF LATEST TRANSACTION
control field 20200824121024.0
008 - FIXED-LENGTH DATA ELEMENTS--GENERAL INFORMATION
fixed length control field 200824b ||||| |||| 00| 0 eng d
020 ## - INTERNATIONAL STANDARD BOOK NUMBER
International Standard Book Number 0724196714
040 ## - CATALOGING SOURCE
Transcribing agency CML
245 ## - TITLE STATEMENT
Title Working with Young Children.
Statement of responsibility, etc. Faragher, J & MacNaugton, G.
260 ## - PUBLICATION, DISTRIBUTION, ETC.
Place of publication, distribution, etc. Collington Vic
Name of publisher, distributor, etc. Tafe Publications
Date of publication, distribution, etc. 1990
942 ## - ADDED ENTRY ELEMENTS (KOHA)
Source of classification or shelving scheme Dewey Decimal Classification
Koha item type Books
Classification part 372.21
Call number suffix FAR
Holdings
Withdrawn status Lost status Source of classification or shelving scheme Damaged status Not for loan Collection code Home library Current library Shelving location Date acquired Total Checkouts Full call number Date last seen Price effective from Koha item type
    Dewey Decimal Classification     Social Sciences Chalimbana Main Library Chalimbana Main Library Social Sciences 08/24/2020   372.21 FAR 08/24/2020 08/24/2020 Books

Powered by Koha